Audit marketing d'une entreprise choisie diplomová práca

Na minha lista:
Detalhes bibliográficos
Autor principal: Bajtošová, Barbora
Autor Corporativo: Obchodná fakulta EU. Katedra marketingu
Outros Autores: Kita, Jaroslav
Formato: Livro
Idioma:francês
Publicado em: Bratislava 2018
Tags: Adicionar Tag
Sem tags, seja o primeiro a adicionar uma tag!

MARC

LEADER 00000nbm a2200000 4500
001 0243400
005 20190227142946.3
041 0 |a fre 
044 |a SK 
245 1 0 |a Audit marketing d'une entreprise choisie  |b diplomová práca  |c Barbora Bajtošová ; školiteľ: Jaroslav Kita 
264 1 |a Bratislava  |c 2018 
300 |a 63 s. 
100 1 |a Bajtošová, Barbora 
700 1 |a Kita, Jaroslav 
710 2 |a Obchodná fakulta EU. Katedra marketingu